LEADER 01966oam 2200517M 450 001 9910716354503321 005 20200213070607.3 035 $a(CKB)5470000002520590 035 $a(OCoLC)1065946825 035 $a(OCoLC)995470000002520590 035 $a(EXLCZ)995470000002520590 100 $a20071213d1926 ua 0 101 0 $aeng 135 $aurcn||||||||| 181 $ctxt$2rdacontent 182 $cc$2rdamedia 183 $acr$2rdacarrier 200 10$aTo require filing of affidavit by certain officers of the United States. May 5, 1926. -- Committed to the Committee of the Whole House on the State of the Union and ordered to be printed 210 1$a[Washington, D.C.] :$c[U.S. Government Printing Office],$d1926. 215 $a1 online resource (1 page) 225 1 $aHouse report / 69th Congress, 1st session. House ;$vno. 1087 225 1 $a[United States congressional serial set ] ;$v[serial no. 8534] 300 $aBatch processed record: Metadata reviewed, not verified. Some fields updated by batch processes. 300 $aFDLP item number not assigned. 606 $aAffidavits 606 $aExtortion 606 $aLegislative amendments 606 $aMisconduct in office 606 $aPolitical corruption 606 $aCivil service 608 $aLegislative materials.$2lcgft 615 0$aAffidavits. 615 0$aExtortion. 615 0$aLegislative amendments. 615 0$aMisconduct in office. 615 0$aPolitical corruption. 615 0$aCivil service. 701 $aGraham$b George Scott$f1850-1931$pRepublican (PA)$01386798 801 0$bWYU 801 1$bWYU 801 2$bOCLCO 801 2$bOCLCQ 906 $aBOOK 912 $a9910716354503321 996 $aTo require filing of affidavit by certain officers of the United States. May 5, 1926. -- Committed to the Committee of the Whole House on the State of the Union and ordered to be printed$93524117 997 $aUNINA LEADER 03904nam 2200709Ia 450 001 9910780813303321 005 20210613115548.0 010 $a1-282-45880-9 010 $a9786612458804 010 $a1-4008-3225-X 024 7 $a10.1515/9781400832255 035 $a(CKB)2550000000000582 035 $a(EBL)483587 035 $a(OCoLC)568113203 035 $a(SSID)ssj0000335489 035 $a(PQKBManifestationID)11273249 035 $a(PQKBTitleCode)TC0000335489 035 $a(PQKBWorkID)10272861 035 $a(PQKB)11326808 035 $a(MdBmJHUP)muse36765 035 $a(DE-B1597)446573 035 $a(OCoLC)979726564 035 $a(DE-B1597)9781400832255 035 $a(Au-PeEL)EBL483587 035 $a(CaPaEBR)ebr10364735 035 $a(CaONFJC)MIL245880 035 $a(PPN)170252868 035 $a(MiAaPQ)EBC483587 035 $a(EXLCZ)992550000000000582 100 $a20090422d2010 uy 0 101 0 $aeng 135 $aur|n|---||||| 181 $ctxt 182 $cc 183 $acr 200 14$aThe calculus of selfishness$b[electronic resource] /$fKarl Sigmund 205 $aCourse Book 210 $aPrinceton, NJ $cPrinceton University Press$dc2010 215 $a1 online resource (185 p.) 225 1 $aPrinceton series in theoretical and computational biology 300 $aDescription based upon print version of record. 311 $a0-691-17108-4 311 $a0-691-14275-0 320 $aIncludes bibliographical references and index. 327 $tFrontmatter --$tContents --$tPreface --$tChapter One. Introduction: Social Traps and Simple Games --$tChapter Two. Game Dynamics and Social Learning --$tChapter Three. Direct Reciprocity: The Role of Repetition --$tChapter Four. Indirect Reciprocity: The Role of Reputation --$tChapter Five. Fairness and Trust: The Power of Incentives --$tChapter Six. Public Goods and Joint Efforts: Between Freedom and Enforcement --$tChapter Seven. Cooperation in Structured Populations --$tReferences --$tIndex 330 $aHow does cooperation emerge among selfish individuals? When do people share resources, punish those they consider unfair, and engage in joint enterprises? These questions fascinate philosophers, biologists, and economists alike, for the "invisible hand" that should turn selfish efforts into public benefit is not always at work. The Calculus of Selfishness looks at social dilemmas where cooperative motivations are subverted and self-interest becomes self-defeating. Karl Sigmund, a pioneer in evolutionary game theory, uses simple and well-known game theory models to examine the foundations of collective action and the effects of reciprocity and reputation. Focusing on some of the best-known social and economic experiments, including games such as the Prisoner's Dilemma, Trust, Ultimatum, Snowdrift, and Public Good, Sigmund explores the conditions leading to cooperative strategies. His approach is based on evolutionary game dynamics, applied to deterministic and probabilistic models of economic interactions. Exploring basic strategic interactions among individuals guided by self-interest and caught in social traps, The Calculus of Selfishness analyzes to what extent one key facet of human nature--selfishness--can lead to cooperation. 410 0$aPrinceton series in theoretical and computational biology. 606 $aGame theory 606 $aCooperativeness$xMoral and ethical aspects 606 $aEvolution (Biology)$xMathematics 615 0$aGame theory. 615 0$aCooperativeness$xMoral and ethical aspects. 615 0$aEvolution (Biology)$xMathematics. 676 $a306.3/4 700 $aSigmund$b Karl$f1945-$01560016 801 0$bMiAaPQ 801 1$bMiAaPQ 801 2$bMiAaPQ 906 $aBOOK 912 $a9910780813303321 996 $aThe calculus of selfishness$93825646 997 $aUNINA